[Event "TUN-chTB"]
[Site "Hammamet"]
[Date "2019.02.09"]
[Round "1.2"]
[White "Tkitek, Walid1111"]
[Black "Omri, Zouhaier"]
[Result "1-0"]
[WhiteElo "2005"]
[BlackElo "1724"]
[PlyCount "61"]
[EventDate "2019.02.09"]
[EventType "team-tourn"]
[EventRounds "11"]
[EventCountry "TUN"]
[SourceTitle "EXT 2021"]
[Source "ChessBase"]
[SourceDate "2020.10.23"]
[SourceVersion "1"]
[SourceVersionDate "2020.10.23"]
[SourceQuality "1"]

1. e4 e6 2. d4 d5 3. Nc3 Nf6 4. e5 Nfd7 5. f4 c5 6. Nf3 Nc6 7. Be3 cxd4 8. Nxd4 Nxd4 9. Bxd4 g6 10. Bd3 a6 11. 0-0 Bg7 12. g4 Qc7 13. Qe2 Nc5 14. Rac1 b5 15. Qe3 Nxd3 16. cxd3 Qb7 17. Ne2 Bd7 18. Bb6 Rb8 19. Ba5 Rc8 20. Rxc8+ Bxc8 21. Rc1 0-0 22. Rc7 Qb8 23. Qc5 Re8 24. Qc6 Rf8 25. Bb4 Rd8 26. Be7 Bd7 27. Rxd7 Rxd7 28. Qxd7 Bxe5 29. fxe5 Qxe5 30. Qd8+ Kg7 31. Qf8# 1-0